El TLC el tratado de libre comercio: (Registro nro. 11510)

Detalles MARC
000 -LEADER
fixed length control field 00760nam a2200217Ia 4500
003 - CONTROL NUMBER IDENTIFIER
control field OSt
005 - DATE AND TIME OF LATEST TRANSACTION
control field 20210416123034.0
008 - FIXED-LENGTH DATA ELEMENTS--GENERAL INFORMATION
fixed length control field 210310s1994 mx ad gr 000 0 spa d
020 ## - INTERNATIONAL STANDARD BOOK NUMBER
International Standard Book Number 9706250565
040 ## - CATALOGING SOURCE
Original cataloging agency CO-JMCR
Transcribing agency CO-JMCR
041 0# - LANGUAGE CODE
Language code of text/sound track or separate title spa
082 04 - DEWEY DECIMAL CLASSIFICATION NUMBER
Classification number 382.710972 /
Item number S327t
Edition number 23
100 1# - MAIN ENTRY--PERSONAL NAME
Personal name Schettino, Macari,
Relator term autor
9 (RLIN) 25716
245 13 - TITLE STATEMENT
Title El TLC el tratado de libre comercio:
Remainder of title ¿Qué es y como nos Afecta?
260 ## - PUBLICATION, DISTRIBUTION, ETC.
Place of publication, distribution, etc. México :
Name of publisher, distributor, etc. Iberoamérica,
Date of publication, distribution, etc. 1994.
300 ## - PHYSICAL DESCRIPTION
Extent 157 páginas :
Other physical details ilustraciones y graficas en blanco y negro ;
Dimensions 23 cm.
505 0# - FORMATTED CONTENTS NOTE
Formatted contents note El TLC. -- El TLC y México. -- México. --
520 0# - SUMMARY, ETC.
Summary, etc. Finalmente el TLC arranca. Es de suma importancia que toda persona lo conozca.
650 14 - SUBJECT ADDED ENTRY--TOPICAL TERM
Topical term or geographic name entry element TLC
Geographic subdivision México
9 (RLIN) 25718
942 ## - ADDED ENTRY ELEMENTS (KOHA)
Source of classification or shelving scheme Dewey Decimal Classification
Koha item type Books
Existencias
Withdrawn status Lost status Source of classification or shelving scheme Damaged status Not for loan Home library Current library Shelving location Date acquired Source of acquisition Full call number Barcode Date last seen Copy number Price effective from Koha item type
    Dewey Decimal Classification     Biblioteca Pública José María del Castillo y Rada Biblioteca Pública José María del Castillo y Rada General Stacks 04/15/2018 Donación 382.710972 / S327t 430010912 05/16/2024 Ej.1 03/10/2021 Books